| 000 | 00961nam a2200289 a 4500 | ||
|---|---|---|---|
| 003 | BLK | ||
| 005 | 20250724111337.0 | ||
| 008 | 230606b bul|||||r ||||||| ||bul|| | ||
| 020 | _a9786197241570 | ||
| 040 | _aBLK | ||
| 041 |
_aBUL _cBUL |
||
| 080 |
_aДървета _b582.091 _z:087.5 _9485031 _x582.091:087.5 |
||
| 084 | _aА 54 | ||
| 100 |
_aАлис, Хана _9487930 |
||
| 245 | 1 | 0 |
_aКнига за дърветата _cХана Алис; ил. Хана Алис ; прев. Никола Кереков |
| 260 |
_aСофия _bМармот _c2023 _9401592 |
||
| 300 |
_a16 с. _bс ил. _c24 см |
||
| 380 | _aDN | ||
| 700 |
_aКереков, Никола Стоянов _9496874 |
||
| 852 |
_bД _cДН 58/А 54 Х |
||
| 856 | 4 | _qpdf | |
| 856 | 4 | _qpdf | |
| 942 |
_cKNG _n0 _010 |
||
| 944 |
_k30556 _cИваничка Йорданова _lТеодора Пейчева-Дянкова |
||
| 944 |
_kМ.Я. _c2025-01-15 _aED |
||
| 999 |
_c524936 _d524936 |
||